000 00509nam a22001937a 4500
005 20250129101957.0
008 250129b |||||||| |||| 00| 0 eng d
020 _a9781264598434
050 _aRG 524.W55 2022
_bC.3
100 _aCUNNINGHAM,F.GARY
245 _aWILLIAMS OBSTRETRICS
250 _a26TH ED
260 _aU.S
_bMC GRAW HILL
_c2022
300 _aXVI: ILL;1304P.
500 _aINCLUDES BIBLIOGRAPHICAL REFERENCES AND INDEX
650 _aObstetrics
700 _aET-AL
942 _2lcc
_cBK
999 _c214640
_d214640